000
00332 a2200109 4500
001
ART_18739
005
20260410161817.0
008
260409a
245
1
0
_a
De Videla a Fujimori
100
1
_a
Gil Lavedra, Ricardo
773
0
_t
Revista Juridica de Buenos Aires
_g
Testimonio de derecho penal (ene. 2011)
_w
REV4315
999
_c
22010
_d
22010